1998 British Speedway Teams - Statistics

General Stats
  • This quiz has been taken 2 times
  • The average score is 20 of 28
Answer Stats
Hint Answer % Correct
Premier League Arena-Essex Hammers
100%
Elite League Belle Vue Aces
100%
Premier League Berwick Bandits
100%
Elite League Coventry Bees
100%
Elite League Eastbourne Eagles
100%
Premier League Edinburgh Monarchs
100%
Premier League Glasgow Tigers
100%
Elite League Ipswich Witches
100%
Conference League Mildenhall Fen Tigers
100%
Premier League Newcastle Diamonds
100%
Elite League Oxford Cheetahs
100%
Elite League Poole Pirates
100%
Premier League Reading Racers
100%
Premier League Sheffield Tigers
100%
Elite League Swindon Robins
100%
Elite League Wolverhampton Wolves
100%
Conference League Buxton Hitmen
50%
Premier League Exeter Falcons
50%
Premier League Hull Vikings
50%
Premier League Isle Of Wight Islanders
50%
Premier League Newport Wasps
50%
Premier League Peterborough Panthers
50%
Premier League Stoke Potters
50%
Elite League Kings Lynn Knights
0%
Conference League Newport Mavericks
0%
Conference League Norfolk Braves
0%
Conference League Skegness Braves
0%
Conference League St. Austell Gulls
0%
No matching quizzes found
Score Distribution
Percent of People with Each Score
Percentile by Number Answered
Your Score History
You have not taken this quiz